000 00777nam a2200217Ia 4500
999 _c40948
_d40948
001 7595
003 GE_BSU
005 20230410144701.0
008 181216s2009||||fr |||||||||||||| ||fre||
020 _a9789941409769
040 _cGE_BSU
041 _afre
080 _a821:133:1 S-63
100 _aSioridze, Marina
_917584
245 _aHistoire de la littèrature française des origines à nos jours /
_cMarina Sioridze ; რედ. მზია ბაქრაძე.
260 _aბათუმი :
_bბსუ-ს გამ-ბა,
_c2009.
300 _a119 გვ. ;
_c20 სმ.
653 _aHistoire de la littèrature française des origines à nos jours
700 _aბაქრაძე, მზია
_eრედაქტორი
_93437
942 _cBK
_2udc